000 00669na a2200253 4500
001 12741
003 MIRAKIL
005 20181213155050.0
008 160923b tu 000 0
035 _a12741
040 _aMilas
_btur
_cTR-AnCHP
082 _a297.14082
_bA67ş 1989
090 _a297.19 A67ş 1989
100 _aArsel, İlhan
245 _aŞeriat ve kadın
_cİlhan Arsel
250 _a4. bs
260 _aİstanbul
_b[yayl.y]
_c1989
_fTÜMDA
300 _aXVI, 476 s.
_c24 sm.
504 _aDizin var.
650 _aİslam hukuku
_xKadınlar
650 _aİslam dini
_xKadın hakları
650 _aİslam dini
_xKadınlar
942 _2ddc
_cBKS
999 _c5889
_d5889